[Event "EU-ch (Women) 24th"]
[Site "Rhodes"]
[Date "2024.04.20"]
[Round "2"]
[White "Grapsa, Georgia"]
[Black "Hrebenshchykova, Yelyzaveta"]
[Result "0-1"]
[WhiteElo "1920"]
[BlackElo "2289"]
[PlyCount "80"]
[EventDate "2024.04.19"]
[EventType "swiss"]
[EventRounds "10"]
[EventCountry "GRE"]
[SourceTitle "CB18_2024"]
[SourceDate "2024.05.01"]
[SourceVersion "1"]
[SourceVersionDate "2024.05.01"]
[SourceQuality "2"]

1. d4 Nf6 2. c4 e6 3. Nf3 d5 4. g3 dxc4 5. Bg2 Bb4+ 6. Bd2 a5 7. 0-0 0-0 8. Qc2 Bxd2 9. Qxd2 b5 10. a4 c6 11. Ne5 Nd5 12. Nc3 f6 13. Nf3 b4 14. Nb1 Ba6 15. Rc1 Nd7 16. e4 N5b6 17. Qe3 e5 18. Nbd2 Re8 19. dxe5 Nxe5 20. Nxe5 fxe5 21. Bf1 Qd4 22. Nxc4 Nxc4 23. Bxc4+ Bxc4 24. Qxd4 exd4 25. Rxc4 Rxe4 26. Rd1 Re2 27. b3 Rf8 28. f4 Rd8 29. Rxc6 d3 30. Rc5 d2 31. Kf1 Rde8 32. Re5 R8xe5 33. fxe5 Rxh2 34. Kg1 Re2 35. Kf1 Re1+ 36. Rxe1 dxe1Q+ 37. Kxe1 Kf7 38. Ke2 Ke6 39. Kd3 Kxe5 40. Kc4 h5 0-1

[Event "GRE-ch (Women) 45th"]
[Site "Athens"]
[Date "2023.12.09"]
[Round "9"]
[White "Stefanidi, Maria Anna"]
[Black "Grapsa, Georgia"]
[Result "1-0"]
[WhiteElo "1879"]
[BlackElo "1963"]
[PlyCount "153"]
[EventDate "2023.12.01"]
[EventType "tourn"]
[EventRounds "9"]
[EventCountry "GRE"]
[SourceTitle "CB50_2023"]
[SourceDate "2023.12.13"]
[SourceVersion "1"]
[SourceVersionDate "2023.12.13"]
[SourceQuality "1"]

1. Nf3 Nf6 2. g3 c5 3. Bg2 g6 4. d3 d5 5. c3 Bg7 6. Qc2 0-0 7. e4 Nc6 8. Bg5 h6 9. Bxf6 exf6 10. 0-0 f5 11. Nbd2 Be6 12. exf5 Bxf5 13. Nh4 Be6 14. f4 Ne7 15. Rae1 Qd7 16. Ndf3 Nf5 17. Qd1 Rae8 18. Nxf5 Bxf5 19. Nh4 Bg4 20. Qd2 Bf6 21. Nf3 Rxe1 22. Rxe1 Re8 23. Ne5 Bxe5 24. fxe5 Kg7 25. Qf4 Bf5 26. d4 c4 27. Qf3 Rd8 28. Qf2 Qe6 29. h3 h5 30. Kh2 b5 31. Qf4 Bd3 32. Bf1 Bxf1 33. Rxf1 Re8 34. Qg5 Qd7 35. Kg2 Re6 36. g4 hxg4 37. hxg4 Qe7 38. Qf4 f6 39. Rh1 Kg8 40. Re1 fxe5 41. dxe5 b4 42. Qd4 bxc3 43. bxc3 Qb7 44. Re2 Kg7 45. Kg3 Qb6 46. Qxd5 Qg1+ 47. Qg2 Qxg2+ 48. Kxg2 Ra6 49. Kf3 Ra3 50. Rc2 Kf7 51. Ke4 Ke6 52. Kd4 Ra5 53. Re2 g5 54. Rh2 Rd5+ 55. Kxc4 Rxe5 56. Rd2 Re4+ 57. Rd4 Re2 58. a4 Ra2 59. Kc5 Ke5 60. Kb5 Rb2+ 61. Ka6 Rb3 62. Kxa7 Rxc3 63. Rb4 Kd6 64. a5 Kc6 65. a6 Ra3 66. Rb6+ Kc7 67. Rb5 Re3 68. Rxg5 Re7 69. Rb5 Kc6+ 70. Rb7 Re8 71. Rg7 Re3 72. g5 Re4 73. g6 Re8 74. Rf7 Rd8 75. g7 Rc8 76. Rf6+ Kb5 77. Kb7 1-0

[Event "GRE-ch (Women) 45th"]
[Site "Athens"]
[Date "2023.12.06"]
[Round "6"]
[White "Grapsa, Georgia"]
[Black "Hristodoulaki, Antonia"]
[Result "1/2-1/2"]
[WhiteElo "1963"]
[BlackElo "2068"]
[PlyCount "62"]
[EventDate "2023.12.01"]
[EventType "tourn"]
[EventRounds "9"]
[EventCountry "GRE"]
[SourceTitle "CB50_2023"]
[SourceDate "2023.12.13"]
[SourceVersion "1"]
[SourceVersionDate "2023.12.13"]
[SourceQuality "1"]

1. d4 Nf6 2. c4 e6 3. Nf3 d5 4. g3 Be7 5. Bg2 0-0 6. 0-0 a5 7. Nc3 c6 8. Ne5 Nfd7 9. b3 Nxe5 10. dxe5 dxc4 11. bxc4 Qxd1 12. Rxd1 Nd7 13. Na4 Nxe5 14. c5 Nd7 15. Be3 Nf6 16. Bd4 Nd7 17. f4 Bf6 18. Bxf6 Nxf6 19. Nb6 Ra7 20. e4 g6 21. Rd6 Kg7 22. Rad1 e5 23. fxe5 Ng4 24. Bh3 h5 25. Nxc8 Rxc8 26. e6 Re8 27. exf7 Kxf7 28. Rf1+ Kg7 29. Rd7+ Kh6 30. Bxg4 hxg4 31. Rf6 Rxe4 1/2-1/2

[Event "Thessaloniki White Tower op-A 2nd"]
[Site "Thessaloniki"]
[Date "2023.01.08"]
[Round "9"]
[White "Tagkaloglou, Savvas Stefanos"]
[Black "Grapsa, Georgia"]
[Result "0-1"]
[WhiteElo "1707"]
[BlackElo "1989"]
[PlyCount "52"]
[EventDate "2023.01.02"]
[EventType "swiss"]
[EventRounds "9"]
[EventCountry "GRE"]
[SourceTitle "CBM 212 Extra"]
[Source "ChessBase"]
[SourceDate "2023.03.31"]
[SourceVersion "1"]
[SourceVersionDate "2023.03.31"]
[SourceQuality "1"]

1. d4 Nf6 2. c4 e6 3. Nc3 Bb4 4. Qc2 0-0 5. e4 d5 6. e5 Ne4 7. Bd3 c5 8. Nf3 cxd4 9. Nxd4 Na6 10. 0-0 Nac5 11. Bxe4 dxe4 12. Rd1 Qh4 13. Be3 Nd3 14. Nxe4 Nxe5 15. Bg5 Qh5 16. a3 Ba5 17. Be7 Re8 18. Ng3 Qg6 19. Qa4 f6 20. Bxf6 gxf6 21. Qxa5 b6 22. Qc3 Bb7 23. f4 Ng4 24. Nxe6 Rxe6 25. f5 Qh6 26. h3 Re3 0-1

[Event "Titled Tuesday intern op 13th Dec Late"]
[Site "Chess.com INT"]
[Date "2022.12.13"]
[Round "5"]
[White "Cruz, William Ferreira Da"]
[Black "Grapsa, Georgia"]
[Result "1-0"]
[WhiteElo "2224"]
[BlackElo "1977"]
[PlyCount "121"]
[EventDate "2022.12.13"]
[EventType "swiss (blitz)"]
[EventRounds "11"]
[EventCountry "USA"]
[SourceTitle "EXT 2024"]
[Source "ChessBase"]
[SourceDate "2023.10.10"]
[SourceVersion "1"]
[SourceVersionDate "2023.10.10"]
[SourceQuality "1"]

1. d4 d5 2. c4 e6 3. Nc3 f5 4. cxd5 exd5 5. Bf4 Nf6 6. e3 c6 7. Nf3 Bd6 8. Bxd6 Qxd6 9. Bd3 0-0 10. Ne5 Ne4 11. f3 Nxc3 12. bxc3 Nd7 13. f4 Nf6 14. 0-0 Bd7 15. c4 g6 16. c5 Qe7 17. Rb1 Be6 18. a4 Rab8 19. a5 a6 20. Rf2 Rbe8 21. Rfb2 Bc8 22. Qb3 Kg7 23. Qb6 Nd7 24. Qc7 Nxe5 25. Qxe7+ Rxe7 26. fxe5 f4 27. Kf2 fxe3+ 28. Kxe3 Ref7 29. Be2 Rf4 30. Bf3 g5 31. h3 Kg6 32. Rf2 h5 33. Rbb2 g4 34. hxg4 hxg4 35. Bd1 Re4+ 36. Kd3 Bf5 37. Kc3 Re3+ 38. Kb4 Rf7 39. Rbe2 Rd3 40. Rd2 Rxd2 41. Rxd2 Kg5 42. g3 Be4 43. Kc3 Rf1 44. Bc2 Rf3+ 45. Kb2 Rxg3 46. Rf2 Rf3 47. Re2 Rf7 48. Bxe4 dxe4 49. Rxe4 g3 50. Re1 Kg4 51. Kc3 g2 52. d5 Kg3 53. d6 Rf1 54. d7 Rxe1 55. d8Q g1Q 56. Qg5+ Kf2 57. Qf4+ Kg2 58. Qg4+ Kf1 59. Qf3+ Qf2 60. Qh3+ Ke2 61. Qd3# 1-0

[Event "Titled Tuesday intern op 13th Dec Late"]
[Site "Chess.com INT"]
[Date "2022.12.13"]
[Round "3"]
[White "Grapsa, Georgia"]
[Black "Bilan, Danila"]
[Result "1-0"]
[WhiteElo "1977"]
[BlackElo "2303"]
[PlyCount "53"]
[EventDate "2022.12.13"]
[EventType "swiss (blitz)"]
[EventRounds "11"]
[EventCountry "USA"]
[SourceTitle "EXT 2024"]
[Source "ChessBase"]
[SourceDate "2023.10.10"]
[SourceVersion "1"]
[SourceVersionDate "2023.10.10"]
[SourceQuality "1"]

1. e4 c6 2. d4 d5 3. f3 Qb6 4. c3 e5 5. exd5 exd4 6. cxd4 cxd5 7. Bd3 Nc6 8. Ne2 Bb4+ 9. Nbc3 Nge7 10. a3 Bd6 11. Na4 Qc7 12. g3 0-0 13. Bf4 Bxf4 14. Nxf4 Nxd4 15. Bxh7+ Kxh7 16. Qxd4 Nf5 17. Qd2 Re8+ 18. Kf2 b5 19. Rac1 Qe5 20. Rhe1 Ne3 21. Nxd5 Qh5 22. Rxe3 Qxh2+ 23. Ke1 Qg1+ 24. Ke2 Qg2+ 25. Kd1 Qf1+ 26. Kc2 Qc4+ 27. Nac3 1-0

[Event "Titled Tuesday intern op 29th Nov Early"]
[Site "Chess.com INT"]
[Date "2022.11.29"]
[Round "10"]
[White "Cramling Bellon, Anna"]
[Black "Grapsa, Georgia"]
[Result "1-0"]
[WhiteElo "2072"]
[BlackElo "1977"]
[PlyCount "67"]
[EventDate "2022.11.29"]
[EventType "swiss (blitz)"]
[EventRounds "11"]
[EventCountry "USA"]
[SourceTitle "EXT 2024"]
[Source "ChessBase"]
[SourceDate "2023.10.10"]
[SourceVersion "1"]
[SourceVersionDate "2023.10.10"]
[SourceQuality "1"]

1. d4 e6 2. c4 f5 3. Nc3 Nf6 4. Bg5 Be7 5. Bxf6 Bxf6 6. e4 fxe4 7. Nxe4 0-0 8. Nf3 b6 9. Bd3 Bb7 10. Qc2 h6 11. Nxf6+ Qxf6 12. Bh7+ Kf7 13. Ne5+ Ke8 14. 0-0-0 d6 15. Ng6 Rf7 16. Rhe1 Kd8 17. Bg8 Qg5+ 18. f4 Rxf4 19. Nxf4 Qxf4+ 20. Kb1 Nc6 21. Bxe6 Nxd4 22. Qg6 Nxe6 23. Qxe6 Bc6 24. Qe7+ Kc8 25. Qxg7 Be4+ 26. Ka1 Kb7 27. Qd4 Re8 28. a4 Qf5 29. Rf1 Qe6 30. g3 Qd7 31. b3 Qc6 32. Rfe1 Bf3 33. Kb2 Bxd1 34. Rxe8 1-0

[Event "Titled Tuesday intern op 29th Nov Early"]
[Site "Chess.com INT"]
[Date "2022.11.29"]
[Round "11"]
[White "Grapsa, Georgia"]
[Black "Tarnowska, Aleksandra"]
[Result "1-0"]
[WhiteElo "1977"]
[BlackElo "1835"]
[PlyCount "69"]
[EventDate "2022.11.29"]
[EventType "swiss (blitz)"]
[EventRounds "11"]
[EventCountry "USA"]
[SourceTitle "EXT 2024"]
[Source "ChessBase"]
[SourceDate "2023.10.10"]
[SourceVersion "1"]
[SourceVersionDate "2023.10.10"]
[SourceQuality "1"]

1. e4 c5 2. b3 d5 3. exd5 Qxd5 4. Nc3 Qd8 5. Bb2 Nc6 6. Bb5 Nf6 7. Bxc6+ bxc6 8. Nf3 e6 9. d3 Bd6 10. Qe2 0-0 11. Ne4 Nd5 12. 0-0-0 Bf4+ 13. Kb1 Qa5 14. g3 Bh6 15. Ne5 Bb7 16. Ng4 f5 17. Nxh6+ gxh6 18. Nd6 Bc8 19. Qd2 Qxd2 20. Rxd2 Rd8 21. Nc4 a5 22. a4 Kf7 23. Re2 Rb8 24. Rhe1 Nb4 25. Bc3 Rb7 26. Nxa5 Ra7 27. Bxb4 cxb4 28. Nxc6 Rad7 29. Nxd8+ Rxd8 30. g4 Kf6 31. gxf5 exf5 32. Re8 Rxe8 33. Rxe8 Be6 34. Rb8 f4 35. Rxb4 1-0

[Event "Titled Tuesday intern op 15th Nov Late"]
[Site "Chess.com INT"]
[Date "2022.11.15"]
[Round "3"]
[White "Grapsa, Georgia"]
[Black "Andreassen, Lars"]
[Result "0-1"]
[WhiteElo "1977"]
[BlackElo "2168"]
[PlyCount "64"]
[EventDate "2022.11.15"]
[EventType "swiss (blitz)"]
[EventRounds "11"]
[EventCountry "USA"]
[SourceTitle "CBM 211 Extra"]
[Source "ChessBase"]
[SourceDate "2023.01.31"]
[SourceVersion "1"]
[SourceVersionDate "2023.01.31"]
[SourceQuality "1"]

1. e4 g6 2. Nc3 Bg7 3. Bc4 d6 4. d3 a6 5. Be3 b5 6. Bb3 Bb7 7. Qd2 Nf6 8. h3 0-0 9. Bh6 c5 10. Nge2 Nc6 11. h4 Bxh6 12. Qxh6 Ng4 13. Qf4 h5 14. f3 Nge5 15. g4 c4 16. dxc4 bxc4 17. Ba4 Nb4 18. gxh5 Nbd3+ 19. cxd3 Nxd3+ 20. Kd2 Nxf4 21. Nxf4 e5 22. Nfd5 Bxd5 23. Nxd5 Qa5+ 24. Nc3 Rab8 25. Kc2 Rb4 26. Bc6 Rfb8 27. Rab1 gxh5 28. Rhg1+ Kf8 29. Rg5 Qc5 30. Bd5 Qf2+ 31. Kc1 Rxb2 32. Rxb2 Qxb2+ 0-1

[Event "Titled Tuesday intern op 15th Nov Early"]
[Site "Chess.com INT"]
[Date "2022.11.15"]
[Round "8"]
[White "Grapsa, Georgia"]
[Black "Budrewicz, Krzysztof"]
[Result "0-1"]
[WhiteElo "1977"]
[BlackElo "2184"]
[PlyCount "108"]
[EventDate "2022.11.15"]
[EventType "swiss (blitz)"]
[EventRounds "11"]
[EventCountry "USA"]
[SourceTitle "CBM 211 Extra"]
[Source "ChessBase"]
[SourceDate "2023.01.31"]
[SourceVersion "1"]
[SourceVersionDate "2023.01.31"]
[SourceQuality "1"]

1. e4 Nc6 2. d4 d5 3. e5 Bf5 4. c3 e6 5. Bd3 Nge7 6. Ne2 Qd7 7. Ng3 Bxd3 8. Qxd3 0-0-0 9. b4 f6 10. f4 f5 11. a4 a5 12. Bd2 Kb8 13. Na3 Nc8 14. 0-0 Nb6 15. Rfb1 Nc4 16. Nxc4 dxc4 17. Qxc4 axb4 18. Ne2 Qd5 19. Qxd5 Rxd5 20. c4 Rd8 21. Be3 Na5 22. c5 Nc6 23. Rc1 Be7 24. Rc4 h6 25. Bd2 g5 26. g3 Rd7 27. Bxb4 Rhd8 28. Bc3 g4 29. a5 Ka7 30. a6 bxa6 31. Rca4 Nb8 32. Kf2 c6 33. Nc1 Rb7 34. Ke3 Rdd7 35. Nd3 Rb3 36. Kd2 Kb7 37. Kc2 Rb5 38. Nb4 a5 39. Nd3 h5 40. Rxa5 Rxa5 41. Rxa5 Na6 42. Ra2 Nc7 43. Nb2 Nb5 44. Kd3 Bxc5 45. Ra4 Bb6 46. Nd1 h4 47. Ne3 hxg3 48. hxg3 Rh7 49. Be1 Rh1 50. Bf2 Rh2 51. Nd1 Nc7 52. Rc4 Nd5 53. Rc2 Rh1 54. Be3 Rxd1+ 0-1

[Event "Titled Tuesday intern op 15th Nov Early"]
[Site "Chess.com INT"]
[Date "2022.11.15"]
[Round "11"]
[White "Grapsa, Georgia"]
[Black "Mejia, Cherry Ann"]
[Result "1-0"]
[WhiteElo "1977"]
[BlackElo "1970"]
[PlyCount "109"]
[EventDate "2022.11.15"]
[EventType "swiss (blitz)"]
[EventRounds "11"]
[EventCountry "USA"]
[SourceTitle "CBM 211 Extra"]
[Source "ChessBase"]
[SourceDate "2023.01.31"]
[SourceVersion "1"]
[SourceVersionDate "2023.01.31"]
[SourceQuality "1"]

1. e4 c5 2. Nc3 a6 3. g3 b5 4. Bg2 Bb7 5. d3 e6 6. f4 Nf6 7. Nf3 d5 8. e5 Ng8 9. Ne2 h5 10. c3 Nh6 11. d4 Nf5 12. Bh3 g6 13. Bxf5 gxf5 14. Be3 Qb6 15. dxc5 Bxc5 16. Bxc5 Qxc5 17. Qd4 Nd7 18. 0-0-0 Rc8 19. Kb1 Nb6 20. Qxc5 Rxc5 21. Ned4 Nc4 22. Rhe1 Ke7 23. Re2 Rhc8 24. Ne1 R5c7 25. Nef3 Bc6 26. Kc2 Bd7 27. Kd3 a5 28. Rc2 Nb6 29. Ke2 b4 30. Rdc1 Rc4 31. cxb4 axb4 32. b3 Rc3 33. Rxc3 bxc3 34. Kd3 Ra8 35. a4 Nxa4 36. bxa4 Rxa4 37. Rxc3 Ra2 38. Rc2 Ra3+ 39. Ke2 Ra1 40. Kf2 Ra3 41. Kg2 Ra8 42. Kh3 Rh8 43. Kh4 f6 44. exf6+ Kxf6 45. Ne5 Be8 46. Rc7 Rg8 47. Kh3 h4 48. Ra7 hxg3 49. hxg3 Rh8+ 50. Kg2 Rg8 51. Ra6 Bf7 52. Nxf7 Kxf7 53. Rxe6 Rc8 54. Re5 Rc4 55. Rxd5 1-0